Gaming Quiz

Random Gaming or Video Games Quiz

Minecraft Potions Quiz Stats

 Plays Quiz not verified by Sporcle

Score 0/14 Timer 07:00
2 Plays Today
Potions % Correct
Potion of Poison
70.6%
Potion of Healing
69.2%
Potion of Strength
68.6%
Potion of Swiftness
63.7%
Potion of Regeneration
61.8%
Potion of Night Vision
56.2%
Potion of Harming
55.1%
Potions % Correct
Potion of Weakness
53.7%
Potion of Slowness
53.1%
Potion of Leaping
52.6%
Potion of Fire Resistance
52.5%
Potion of Invisibility
50.7%
Potion of Water Breathing
50.7%
Potion of Luck
26.3%

You're not logged in!

Compare scores with friends on all Sporcle quizzes.
OR
Log In

Show Comments

Extras

Top Quizzes Today


Score Distribution

Your Account Isn't Verified!

In order to create a playlist on Sporcle, you need to verify the email address you used during registration. Go to your Sporcle Settings to finish the process.

Report this User

Report this user for behavior that violates our Community Guidelines.

Details: